[Event "Nakamura-Nepomniashchy m"]
[Site "Playchess.com INT"]
[Date "2007.02.28"]
[Round "?"]
[White "Nepomniachtchi, Ian"]
[Black "Nakamura, Hikaru"]
[Result "1-0"]
[WhiteElo "2587"]
[BlackElo "2651"]
[PlyCount "83"]
[EventDate "2007.02.28"]
[EventType "match (blitz)"]
[EventRounds "20"]
[EventCountry "GER"]
[SourceTitle "CBM 117 Extra"]
[Source "ChessBase"]
[SourceDate "2007.05.09"]
[SourceVersion "1"]
[SourceVersionDate "2007.05.09"]
[SourceQuality "1"]

1. e4 c5 2. d4 cxd4 3. c3 d3 4. c4 g6 5. Nc3 d6 6. Nf3 Bg7 7. Be3 Nc6 8. Bxd3
Bg4 9. Be2 Bxf3 10. Bxf3 Nf6 11. Be2 Rc8 12. O-O a6 13. Rc1 O-O 14. b3 Nd7 15.
Nd5 e6 16. Nf4 Qe7 17. Rc2 Rfd8 18. Rd2 Nc5 19. f3 Bh6 20. Kh1 Qf8 21. Re1 e5
22. Nd5 Bxe3 23. Nxe3 Ne6 24. Bf1 Ncd4 25. Nd5 f5 26. exf5 gxf5 27. f4 Qg7 28.
Rd3 Kh8 29. Rg3 Qf7 30. fxe5 f4 31. Rd3 dxe5 32. Rxe5 Nc6 33. Re1 Re8 34. Rd2
Ng5 35. Rxe8+ Rxe8 36. Rf2 Ne4 37. Rf3 Ne5 38. Qd4 Ng5 39. Rxf4 Qg7 40. Nf6 Nc6
41. Nxe8 Qxd4 42. Rf8# 1-0

[Event "Nakamura-Nepomniashchy m"]
[Site "Playchess.com INT"]
[Date "2007.03.01"]
[Round "?"]
[White "Nakamura, Hikaru"]
[Black "Nepomniachtchi, Ian"]
[Result "1-0"]
[WhiteElo "2651"]
[BlackElo "2587"]
[PlyCount "39"]
[EventDate "2007.02.28"]
[EventType "match (blitz)"]
[EventRounds "20"]
[EventCountry "GER"]
[SourceTitle "CBM 117 Extra"]
[Source "ChessBase"]
[SourceDate "2007.05.09"]
[SourceVersion "1"]
[SourceVersionDate "2007.05.09"]
[SourceQuality "1"]

1. d4 e6 2. c4 d5 3. Nc3 c6 4. e3 Nf6 5. Nf3 Nbd7 6. Qc2 Bd6 7. b3 O-O 8. Be2
Qe7 9. O-O Re8 10. Bb2 dxc4 11. bxc4 e5 12. c5 Bc7 13. Bc4 h6 14. Rfe1 e4 15.
Nd2 Nf8 16. f3 Ng6 17. Ndxe4 Nxe4 18. Qxe4 Bxh2+ 19. Kf1 Qd8 20. Qxg6 1-0

[Event "Nakamura-Nepomniashchy m"]
[Site "Playchess.com INT"]
[Date "2007.03.01"]
[Round "?"]
[White "Nepomniachtchi, Ian"]
[Black "Nakamura, Hikaru"]
[Result "0-1"]
[WhiteElo "2587"]
[BlackElo "2651"]
[PlyCount "54"]
[EventDate "2007.02.28"]
[EventType "match (blitz)"]
[EventRounds "20"]
[EventCountry "GER"]
[SourceTitle "CBM 117 Extra"]
[Source "ChessBase"]
[SourceDate "2007.05.09"]
[SourceVersion "1"]
[SourceVersionDate "2007.05.09"]
[SourceQuality "1"]

1. Nf3 Nf6 2. d4 g6 3. c4 Bg7 4. Nc3 O-O 5. e4 d6 6. Be2 e5 7. O-O Nc6 8. d5
Ne7 9. b4 Nh5 10. c5 Nf4 11. Bc4 Bg4 12. Re1 g5 13. h3 Bh5 14. Bxf4 exf4 15.
Qd3 Ng6 16. Bb3 a5 17. cxd6 cxd6 18. bxa5 Qxa5 19. Rac1 Bxf3 20. Qxf3 Ne5 21.
Qd1 Rac8 22. Ne2 f3 23. Rxc8 Rxc8 24. Nd4 Nd3 25. Re3 Rc1 26. Rxd3 Rxd1+ 27.
Rxd1 Bxd4 0-1

[Event "Nakamura-Nepomniashchy m"]
[Site "Playchess.com INT"]
[Date "2007.03.01"]
[Round "?"]
[White "Nepomniachtchi, Ian"]
[Black "Nakamura, Hikaru"]
[Result "0-1"]
[WhiteElo "2587"]
[BlackElo "2651"]
[PlyCount "204"]
[EventDate "2007.02.28"]
[EventType "match (blitz)"]
[EventRounds "20"]
[EventCountry "GER"]
[SourceTitle "CBM 117 Extra"]
[Source "ChessBase"]
[SourceDate "2007.05.09"]
[SourceVersion "1"]
[SourceVersionDate "2007.05.09"]
[SourceQuality "1"]

1. d4 Nf6 2. Nf3 g6 3. g3 Bg7 4. Bg2 O-O 5. O-O d5 6. c4 dxc4 7. Na3 c5 8. Nxc4
Be6 9. Ne3 Nc6 10. dxc5 Qa5 11. Bd2 Qxc5 12. Rc1 Qb6 13. b3 Ne4 14. Nc4 Qa6 15.
Qc2 Bf5 16. Qd1 Rfd8 17. a4 Rd7 18. Qe1 Rad8 19. Be3 b5 20. axb5 Qxb5 21. Nfd2
Nxd2 22. Nxd2 Na5 23. Rc5 Qb4 24. Nc4 Qxe1 25. Rxe1 Nxb3 26. Rb5 Rd1 27. Rf1
Rxf1+ 28. Bxf1 Nd4 29. Rb7 Nc6 30. Rc7 Be4 31. Bxa7 Nxa7 32. Rxa7 e6 33. h4 Rd1
34. Rc7 Bd4 35. Ne3 Rb1 36. Rc4 e5 37. Ng4 Kg7 38. Nxe5 Rd1 39. Nc6 Bxc6 40.
Rxc6 Ba7 41. Rc7 Bb6 42. Rb7 Bd8 43. e3 Rc1 44. Kg2 Rc7 45. Rb8 Bf6 46. Rb3 h5
47. Be2 Be5 48. Bf3 Bf6 49. Bd5 Be5 50. f4 Bf6 51. Kf3 Be7 52. e4 f6 53. Rb8
Bf8 54. Rb3 Be7 55. g4 hxg4+ 56. Kxg4 Rc1 57. Rb7 Kf8 58. Kf3 Rc3+ 59. Kg4 Rc1
60. f5 Rg1+ 61. Kh3 gxf5 62. exf5 Bd6 63. Rf7+ Ke8 64. h5 Rg5 65. h6 Rxf5 66.
h7 Rxd5 67. h8=Q+ Kxf7 68. Qh7+ Kf8 69. Qh8+ Kf7 70. Qh7+ Ke6 71. Qg8+ Ke5 72.
Qe8+ Kd4 73. Qa4+ Ke5 74. Qe8+ Kf4 75. Kg2 Rd2+ 76. Kf1 f5 77. Qe6 Rd1+ 78. Ke2
Rd4 79. Qf6 Re4+ 80. Kd3 Be5 81. Qh4+ Kf3 82. Qh1+ Kg4 83. Qg1+ Bg3 84. Qb1 Rf4
85. Qd1+ Rf3+ 86. Ke2 Rf4 87. Ke3+ Kg5 88. Qh1 Re4+ 89. Kf3 Rg4 90. Qh3 Be5 91.
Qf1 Rg3+ 92. Ke2 Rg4 93. Ke3 Re4+ 94. Kd3 Rf4 95. Kc2 Rg4 96. Qg2 Rxg2+ 97. Kd3
f4 98. Kc4 Kg4 99. Kd5 f3 100. Ke4 f2 101. Kxe5 f1=Q 102. Ke4 Re2+ 0-1

[Event "Dos Hermanas Internet f 10th"]
[Site "ICC INT"]
[Date "2009.03.21"]
[Round "3.2"]
[White "Kononenko, Dmitry"]
[Black "Nakamura, Hikaru"]
[Result "0-1"]
[WhiteElo "2574"]
[BlackElo "2699"]
[PlyCount "134"]
[EventDate "2009.03.20"]
[EventType "k.o. (blitz)"]
[EventRounds "5"]
[EventCountry "USA"]
[SourceTitle "CBM 129 Extra"]
[Source "ChessBase"]
[SourceDate "2009.05.05"]
[SourceVersion "2"]
[SourceVersionDate "2009.05.20"]
[SourceQuality "1"]

1. e4 c5 2. Nf3 d6 3. d4 cxd4 4. Nxd4 Nf6 5. Nc3 a6 6. Be2 e6 7. O-O Qc7 8. a4
b6 9. f4 Bb7 10. Bf3 Nbd7 11. Kh1 Be7 12. Qe2 Rb8 13. g4 g6 14. Bd2 h5 15. g5
Ng4 16. Rae1 Rc8 17. Kg2 e5 18. Nd5 Qc4 19. Nb3 Qxe2+ 20. Rxe2 exf4 21. Bxf4
Nge5 22. c3 Nc5 23. Nxc5 bxc5 24. Bxe5 dxe5 25. h4 Bc6 26. Rd2 Bd8 27. Be2 Bxa4
28. Bxa6 Rb8 29. Bc4 O-O 30. Nf6+ Bxf6 31. Rxf6 Kg7 32. Kg3 Bb3 33. Bxb3 Rxb3
34. Rc6 Rb5 35. Rc7 Kg8 36. Kf3 Ra5 37. Kg3 Ra4 38. Kf3 Ra1 39. Rxc5 Rh1 40.
Kg3 Rg1+ 41. Kf3 Rg4 42. Rxe5 Rxh4 43. Red5 Rh3+ 44. Kf4 Rh4+ 45. Kf3 Re8 46.
Rd8 Rhxe4 47. Rxe8+ Rxe8 48. b4 Rb8 49. Rb2 f6 50. gxf6 Kf7 51. b5 Kxf6 52. c4
Ke5 53. c5 Kd5 54. c6 Kd6 55. Rd2+ Kc7 56. Rd7+ Kb6 57. Rd5 Rg8 58. Rg5 Rf8+
59. Kg3 Rf6 60. Kh4 Rf4+ 61. Kg3 Rf6 62. Rd5 Rxc6 63. Kh4 Re6 64. Kg5 Kb7 65.
Kh4 Kc7 66. Kg5 Rd6 67. Kh4 Rxd5 0-1

[Event "USA-ch"]
[Site "Saint Louis"]
[Date "2009.05.08"]
[Round "1"]
[White "Nakamura, Hikaru"]
[Black "Shabalov, Alexander"]
[Result "1-0"]
[WhiteElo "2701"]
[BlackElo "2569"]
[Annotator "Ftacnik,L"]
[PlyCount "79"]
[EventDate "2009.05.08"]
[EventType "swiss"]
[EventRounds "9"]
[EventCountry "USA"]
[SourceTitle "CBM 130"]
[Source "ChessBase"]
[SourceDate "2009.05.20"]
[SourceVersion "1"]
[SourceVersionDate "2009.05.20"]
[SourceQuality "1"]

1. e4 c5 2. Nf3 d6 3. d4 cxd4 4. Nxd4 Nf6 5. Nc3 a6 6. Be2 e6 7. O-O Be7 8. a4
O-O 9. f4 Qc7 10. Be3 b6 11. Bf3 Bb7 12. f5 {The opening position is full of
life and White can choose between many different plans. The immediate advance
of the f-pawn is preparing a kingside attack, that is partly based on the
uncompleted black development.} (12. g4 Nc6 13. g5 Nd7 14. Nb3) (12. Qe1 Nbd7
13. Bf2 e5 14. Nf5 Rfe8) 12... e5 13. Nb3 {Nakamura is struggling with the
usual problem of proper retreat of the knight. The b3-square is orderly, but
the knight is far away from the kingside. In case of 13.Nde2 White is running
as serious risk of stumbling on his own feet as the knight stands a bit in a
way.} (13. Nde2 Nbd7 (13... Rd8 14. Ng3 Nbd7 15. Rf2 Bc6 16. Nd5 Bxd5 17. exd5
b5 18. b3 Re8 19. Rd2 h6 20. h3 Nh7 21. Ne4 Ndf6 22. Re2 Nxe4 23. Bxe4 Nf6 $11
{1/2-1/2 Efimenko,Z (2688)-Hou,Y (2571)/Wijk aan Zee 2009 (55)}) 14. Ng3 $6 (
14. g4 h6 15. h4 Nh7 16. Qe1 Qd8 17. Bf2 Rc8 $5 $15 (17... g5 18. Kg2 Kg7 $13))
14... Rac8 (14... Rfe8 15. Qe2 Bc6 16. Rfd1 Qb7 {1/2-1/2 Ganguly,S (2631)
-Aagaard,J (2531)/Sabadell 2008}) 15. Rf2 Qc4 {/\Qb4} 16. Nd5 (16. Rd2 Qb4 17.
Ra3 Qxb2 18. Rb3 Qxc3 $1 19. Rxc3 Rxc3 $44) 16... Bxd5 (16... Nxd5 17. exd5 Bh4
18. Rd2 $13) 17. exd5 b5 18. Rd2 Bd8 19. axb5 axb5 $2 (19... Qxb5 $1 20. c3 a5
$15) 20. Ra6 $1 (20. Be2 Qh4 21. Bxb5 Ng4 22. Nf1 Nxe3 23. Nxe3 Bb6 $17) 20...
Qh4 $6 (20... Be7 $1) 21. Nf1 $2 (21. Rxd6 Bc7 22. Rxd7 $1 (22. Rc6 e4 23. d6
exf3 24. Rxc7 $13) 22... Nxd7 23. d6 $44) 21... Be7 22. Qa1 Nc5 23. Ra5 Ng4 24.
Bxg4 Qxg4 $17 {0-1 Lutz,C (2580)-Gelfand,B (2680)/Cap d'Agde 1994/ (61)}) 13...
Nbd7 14. g4 h6 {The thematic idea of a d6-d5 counterattack is possible right
away. On the other hand Black would like to see the whole white kingside truly
exposed.} (14... d5 15. Nxd5 Nxd5 16. exd5 e4 17. Bxe4 Bd6 18. Qd2 (18. Qd3
Bxh2+ 19. Kh1 Rfe8 $13) 18... Rfe8 19. Bf3 Ne5 20. Bf4 Nxf3+ 21. Rxf3 Re4 22.
Raf1 (22. Bxd6 Qxd6 23. h3 Rae8 $11) 22... Rae8 $15 {1/2-1/2 Baklan,V (2591)
-Smeets,J (2515)/Hoogeveen 2004 (29)}) 15. h4 (15. g5 hxg5 16. Bxg5 b5 17. Qd2
$5 b4 $1 18. Nd5 Nxd5 (18... Bxd5 19. exd5 Rfc8 20. Rf2 e4 21. Re1 Re8 22. Bg2
Rac8 23. Rfe2 Ne5 24. Kh1 Qd7 25. Nd4 Nxd5 26. Bxe4 Nf6 $11 {1-0 Abramovic,B 
(2495)-Suba,M (2525)/Belgrade 1984 (53)}) 19. exd5 Bxg5 20. Qxg5 Rfc8 (20...
Qxc2 21. Rf2 $1 Qxb3 (21... f6 22. Qxg7+ Kxg7 23. Rxc2 Rac8 24. Rg2+ $11) 22.
Rg2 g6 23. Qh6 Qxf3 24. Rxg6+ fxg6 25. Qxg6+ $11) 21. Kh1 Nf6 22. Rg1 {1-0
Korzubov,P-Mikhalchishin,A (2530)/Ivano Frankovsk 1982 (30)} Ne8 $11) (15. Bg2
Rac8 16. h4 Nh7 17. Qe1 Qd8 18. Bf2 Ndf6 19. Qe2 Nd7 20. Qe1 Ndf6 21. Qe2 Qc7
22. Be3 Nd7 23. Qe1 Qd8 {1/2-1/2 Khalifman,A (2515)-Psakhis,L (2575)/Minsk 1987
}) 15... d5 $1 {The charm of the Sicilian Defence lays in the fact, that
counterplay is often just a move away. Black may not truly equalize, but he
definitely manages to change the flow of the fight.} (15... Nh7 16. Qe1 Nc5 17.
Nxc5 dxc5 18. Qg3 Qd8 19. Bf2 Qc7 20. Rad1 Rad8 21. Be3 f6 22. Be2 c4 23. Qf2
$16 {1-0 Stratulat,S-Bulgakova,O/Kiev 1999 (32)}) 16. exd5 e4 17. Bg2 (17. Nxe4
$2 Nxe4 18. Bxe4 Qg3+ $19) 17... Qg3 $6 {Shabalov has done a right thing in
the center, but the text move is dubious. The untested bishop move might
suffice to keep the balance.} (17... Bb4 $5 18. g5 hxg5 19. hxg5 Bxc3 20. d6
Qc4 21. bxc3 Nd5 22. Qd4 Nxe3 23. Qxe3 Rac8 $11) 18. Qe1 {[%mdl 4] New and
quite possibly not the most exact. The defender would have a hard time
deciding what to do with his queen after the simple 18.Bf2!} (18. Bf2 $1 Qxg4 (
18... Qe5 19. Qd4 Rfe8 (19... Nxg4 20. Qxe5 Ndxe5 21. Bxb6 Bb4 22. Nxe4 Bxd5
23. Rfd1 $16) 20. g5 hxg5 21. hxg5 Nxd5 22. Qxe5 Nxe5 23. Bxe4 Nxc3 24. Bxb7
Ne2+ 25. Kg2 Ra7 26. Na5 $16) 19. Nxe4 $1 Qf4 20. Bg3 Qe3+ 21. Kh2 Nxe4 22. Rf3
Nxg3 23. Rxe3 Nxf5 24. Rxe7 Nxe7 25. d6 $18 {1-0 Byrne,R (2505)-Winslow,E 
(2340)/New York 1986 (26)}) 18... Qxe1 (18... Qxg4 19. Rf4 Qh5 20. Nxe4 Nxe4
21. Bxe4 $16) 19. Rfxe1 {It made sense to spare a thought for the
centralization of the last reserve and taking with the rook from a1.} (19.
Raxe1 $5 Nxg4 (19... Nxd5 20. Bxe4 N7f6 21. Bg2 Nxc3 22. Bxb7 Ra7 23. Bg2 (23.
Na5 Nxa4 24. Bxb6 Nxb6 25. Rxe7 Rb8 26. Rd1 Nxg4 27. Rd4 Nf6 28. c4 $16) 23...
Nxa4 24. g5 hxg5 25. hxg5 Nh7 26. Rf4 Nxb2 27. Rg4 $16) 20. Bxb6 Nxb6 21. Rxe4
Ne5 22. Rxe5 Bf6 23. Ree1 Bxc3 24. bxc3 Bxd5 $14) 19... Nxg4 20. Bxb6 $5 (20.
Nxe4 Bxd5 $11) 20... Nxb6 21. Rxe4 Nxd5 {Black just needs a solid base for his
counterplay. The demaged nature of White's kingside structure and backward
queenside pawns offer scope for real resistance.} (21... Bxd5 22. Rxg4 (22.
Rxe7 Bxg2 23. Kxg2 Nc4 24. Re4 h5 $14) 22... Bxg2 23. Kxg2 Rad8 $14) 22. Nxd5
Bxd5 23. Rxe7 Rfd8 (23... Bxg2 24. Kxg2 Rfe8 25. Rxe8+ Rxe8 26. Nd4 $14) 24.
Bf1 (24. Rae1 Rab8 $14) 24... Kf8 (24... Rdb8 25. a5 Bxb3 26. cxb3 Rxb3 27.
Rae1 $14) 25. Ree1 {Nakamura has no plans to use the a1-rook in the center,
even though it was a more promissing idea at this moment.} (25. Rae1 Be6 26.
Rc7 Bxf5 27. Bc4 Bg6 28. Nc5 a5 $14) 25... Rdb8 26. Ra3 (26. Bg2 Bxg2 27. Kxg2
Rb4 $14) 26... Nf6 {Shabalov came very close to equalizing the chances due to
his pressure on the queenside.} (26... Rb4 $5 27. Nc5 Rxb2 28. Rc3 Rb4 $11) 27.
Rd1 Ra7 28. Rd2 (28. c4 Be4 29. Rd6 Bxf5 30. c5 $14) 28... Be4 29. Rf2 Ng4 $2 {
A tragic slip of attention, black is losing two tempoes and enables white to
advnace his queenside pawns.} (29... h5 $1 30. a5 Ng4 31. Rf4 Bxc2 32. Nd4 Rxb2
33. Rc3 Ba4 34. Ne6+ fxe6 35. fxe6+ Nf6 36. Rxa4 Ke7 $11) 30. Rf4 Nf6 31. Nc5
Bxc2 32. Rf2 Bd1 (32... Rxb2 $2 33. Rc3 $18) 33. Nxa6 $1 {It was not strictly
necessary to force matters with exchange of two pieces for the rook, but the
idea works perfectly.} (33. a5 Re7 34. Nxa6 Rc8 35. b4 $16) 33... Rb6 34. b4
Rbxa6 35. Bxa6 Rxa6 36. a5 {Shabalov's pieces are so poorly coordinated, that
the task of holding two passed pawns falls on the shoulders of only two
defenders.} Ne4 (36... Ra7 37. a6 Bg4 38. b5 Nd7 39. Kg2 Ke7 40. Kg3 h5 41. Rb2
$16) 37. b5 $1 Rd6 (37... Nxf2 38. bxa6 $18) (37... Ra8 38. a6 Nxf2 39. b6 $18)
38. a6 {The bishop on d1 is a hopelessly misplaced hero and the pawns can not
be stopped.} Nxf2 (38... Rd8 39. a7 Ra8 40. b6 Nc5 41. Rc3 Nd7 42. Rc8+ Rxc8
43. b7 $18) 39. a7 Nh3+ 40. Rxh3 (40. Rxh3 Rd8 41. b6 $18) 1-0

[Event "Corus"]
[Site "Wijk aan Zee"]
[Date "2010.01.18"]
[Round "3"]
[White "Short, Nigel D"]
[Black "Nakamura, Hikaru"]
[Result "0-1"]
[WhiteElo "2696"]
[BlackElo "2708"]
[Annotator "Ftacnik,L"]
[PlyCount "86"]
[EventDate "2010.01.16"]
[EventType "tourn"]
[EventRounds "13"]
[EventCountry "NED"]
[EventCategory "19"]
[SourceTitle "CBM 135"]
[Source "ChessBase"]
[SourceDate "2010.03.17"]
[SourceVersion "1"]
[SourceVersionDate "2010.03.17"]
[SourceQuality "1"]

1. e4 c5 2. Nf3 d6 3. d4 cxd4 4. Nxd4 Nf6 5. Nc3 Nc6 6. Be2 e5 7. Nf3 h6 8. O-O
Be6 9. b3 {The white bishop on c1 doesn't have a proper square which promises
any prospects. From b2 in fianchetto style the piece can patiently wait for
the opening of the centre.} a6 10. Re1 Rc8 11. Bb2 Be7 12. Bf1 O-O 13. Nd5 {
Short has developed all his pieces and takes advantage of the moment for the
start of an active plan.} (13. h3 Qc7 14. Qd2 Rfd8 15. Nd5 Bxd5 16. exd5 Nb8
17. c4 Nbd7 18. Bd3 Re8 19. Rac1 Bf8 20. Nh2 g6 21. Ng4 Nxg4 22. hxg4 $14 {
0-1 Kondratiev,P-Slepoy,I/Leningrad 1956 (65)}) (13. a4 Qc7 14. Nd2 Nd4 15. Rc1
Qa5 16. Nc4 Bxc4 17. Bxc4 b5 18. axb5 axb5 19. Ra1 Qb4 20. Na2 Qc5 21. Bxd4
exd4 22. Bd3 $11 {0-1 Delmonico,N (1891)-Dupont,N (2058)/Geneve 2008 (36)})
13... Bg4 (13... b5 14. c4 Na7 15. h3 Nxd5 16. cxd5 Bd7 17. b4 f5 18. Qb3 Kh8
19. Bd3 fxe4 20. Bxe4 Bf5 21. Qd3 Bxe4 22. Rxe4 Bf6 23. Nd2 $14 {0-1 Beadle,
J-Kok,F (1676)/Cobo Bay 2005 (32)}) 14. c4 {White would love to dream about
some advantage, but the positional reasons for that are absent. It might have
been smarter to grab the e7 bishop with equal chances.} (14. Nxe7+ Qxe7 15. c4
Rfd8 $11) 14... Nxd5 15. exd5 (15. cxd5 $6 Nd4 $1 16. Bxd4 exd4 17. Be2 Bxf3
18. Bxf3 Qb6 $17) 15... Nb8 (15... Nd4 16. Bxd4 exd4 17. h3 Bxf3 18. Qxf3 g6
19. Bd3 Bf6 $11) 16. h3 Bh5 17. Be2 (17. a4 Nd7 18. a5 f5 $132) 17... Nd7 18.
Rc1 (18. a3 Bg6 19. Bd3 (19. b4 e4 20. Nd4 Ne5 21. Qb3 Bf6 $15) 19... f5 20.
Qe2 Bh5 21. Qe3 Bxf3 22. Qxf3 e4 23. Qg3 Bf6 24. Bxf6 Qxf6 $15) 18... Bg6 {
Nakamura is a very creative player always striving for the initiative. The
bishop move prepares the action in the centre and sidesteps the equalising
line possible after 18...f5.} (18... f5 19. Nd4 Bxe2 20. Qxe2 Nc5 21. Ba3 (21.
Ne6 Nxe6 22. dxe6 Bf6 23. c5 Rc6 24. Red1 Qe7 25. cxd6 Rxd6 26. Rxd6 Qxd6 27.
Qc4 Re8 $15) 21... exd4 22. Bxc5 Rxc5 23. Qxe7 Qxe7 24. Rxe7 b5 $11) 19. b4 e4
$1 20. Nd2 (20. Nd4 Bg5 21. Rc3 (21. Ra1 Ne5 22. Qb3 Qc7 23. Qc3 Rfd8 $17)
21... Ne5 22. a3 Bf6 23. Rc1 Re8 $15) 20... Qb6 21. a3 $2 {The modest defence
of the b4-pawn fails to address the main problems in the position.} (21. Bh5 $1
Bxh5 (21... Qxb4 $6 22. Bxg6 Qxb2 23. Bf5 Rc7 24. Nxe4 $14) 22. Qxh5 f5 23. Bc3
Bg5 $15) 21... Bh4 {Both very strong grandmasters have ignored the
strategically very sound advance of the e-pawn promising the second player a
solid advantage.} (21... e3 $1 22. fxe3 Qxe3+ 23. Kh1 Bh4 24. Rf1 Bf6 $17) 22.
c5 (22. g3 e3 $1 23. c5 Nxc5 24. fxe3 (24. Bd4 exd2 25. Qxd2 Bg5 26. f4 Bf6 27.
bxc5 Bxd4+ 28. Qxd4 Rxc5 $17) 24... Ne4 25. Nc4 Qd8 26. gxh4 Qxh4 $17) 22...
dxc5 23. Nc4 (23. g3 Bf6 24. Nc4 Qd8 $17) 23... Qd8 24. Bh5 $2 {[%mdl 256] The
quality of the move often depends on perfect timing. The bishop foray would
have been perfect on move 21, but now it only helps Black.} (24. Ne3 f5 (24...
cxb4 25. Rxc8 Qxc8 26. Qd4 Bf6 27. Qxb4 Bxb2 28. Qxb2 $13) 25. bxc5 Nxc5 26.
Bxg7 Kxg7 27. Rxc5 Qb6 28. Rxc8 Rxc8 $15) (24. d6 Qg5 (24... b5 25. Ne3 c4 26.
Bg4 $13) 25. Bf1 Qf5 26. Qd2 Qe6 $15) 24... cxb4 25. Bxg6 (25. axb4 b5 26. Ne3
Rxc1 27. Bxc1 Ne5 $17) 25... fxg6 26. Rxe4 (26. Re2 Bg5 27. Ne3 Bxe3 28. Rxe3
Rxc1 29. Qxc1 Nf6 $17) 26... Bxf2+ 27. Kh1 b5 {Nakamura must have been
struggling with the search for the best continuation to realise his huge
advantage.} (27... bxa3 28. Bxa3 Bc5 $17) 28. Ne5 (28. Ne3 bxa3 29. Bxa3 Nf6
30. Re6 Rxc1 31. Qxc1 Re8 $17) 28... Rxc1 29. Bxc1 (29. Qxc1 Nxe5 30. Rxe5 Bg3
31. Re6 Qc7 $19) 29... Nxe5 30. Rxe5 Bg3 31. Re3 (31. Re4 Qf6 32. Qg1 b3 $19)
31... Bf4 32. Rd3 Bd6 (32... bxa3 33. Bxa3 Bd6 $17) 33. axb4 Qf6 {The list of
worries for White is quite long. The pawn is missing, the other one on b4
nearly doomed and the king on h1 is anything but safe.} 34. Be3 (34. g4 Qe5 35.
Rd2 Qe4+ 36. Rg2 Rf3 $19) (34. Rf3 Qe5 35. Rxf8+ Kxf8 $19) 34... Qf1+ 35. Bg1 (
35. Qxf1 Rxf1+ 36. Bg1 Rb1 37. g4 Rxb4 $19) 35... Rf4 36. g4 (36. Qxf1 Rxf1 37.
g4 Rb1 38. Kg2 Rxb4 $19) 36... Qxd1 37. Rxd1 Rxb4 38. Re1 {White can only
feebly try to create some counterplay with the help of his passed d-pawn.} (38.
Bh2 Bxh2 39. Kxh2 Kf7 40. d6 Ke8 $19) 38... Rf4 39. Ra1 (39. Bh2 Rf6 $19) (39.
Re6 Rf6 40. Re8+ Rf8 41. Re6 Rd8 42. Rxg6 b4 $19) 39... Ra4 40. Re1 b4 $1 {
Combinations are the soul of chess and Black manages to create a nice tactical
pattern in the endgame.} 41. Re6 (41. Bh2 Bxh2 42. Kxh2 Ra5 43. Re4 b3 44. d6
Kf7 45. d7 Ra2+ 46. Kg3 Rd2 47. Rb4 Rd3+ 48. Kf2 Ke7 $19) (41. Re4 Ra1 $19)
41... b3 42. Rxd6 Rb4 $1 {The spare piece is useless as the advance of the
b-pawn can be stopped only at a terrible cost.} 43. Rd8+ (43. Bd4 Rxd4 44. Rb6
Rd3 45. d6 Kf7 $19) 43... Kh7 (43... Kh7 44. Bd4 Rxd4 45. Rb8 Rd3 46. d6 Rxh3+
47. Kg2 Rd3 48. Rb7 Rxd6 49. Rxb3 a5 $19) 0-1